[Event "Olaine Open Rapid 2018"]
[Site "Olaine"]
[Date "2018.11.25"]
[Round "1.1"]
[White "Vambute, Dana"]
[Black "Neiksans, Arturs"]
[Result "0-1"]
[WhiteElo "1907"]
[BlackElo "2553"]
[Annotator "TA"]
[PlyCount "42"]
[EventDate "2018.11.24"]
[EventType "swiss"]
[EventCountry "LAT"]

{[%evp 10,42,15,4,15,7,14,0,0,0,0,-17,-14,-10,-13,-17,-17,-14,-21,-20,-2,-41,-10,-67,-47,-138,-116,-116,-118,-341,-328,-29982,-29983,-29998,-29999]} 1. d4 f5 2. Nc3 d5 3. Nf3 Nf6 4. Bf4 a6 5. h3 e6 6. e3 {LiveBook: 6 Games. A80: Dutch Defence: Unusual White second moves} Bd6 (6... c5 7. g4 Nc6 8. gxf5 exf5 9. Bg2 c4 10. O-O Bb4 11. Ne2 O-O 12. Ne5 {½-½ (47) Ivanisevic,I (2614)-Nikolic,P (2631) Valjevo 2007}) 7. Be2 $146 ({Predecessor:} 7. Ne5 Nbd7 8. a3 Qe7 9. g4 fxg4 10. hxg4 Bxe5 11. dxe5 Ne4 12. Nxe4 dxe4 {1-0 (43) Romanov,S (2191)-Zakharov,S (2221) Kemerovo 2014}) 7... Qe7 8. Ne5 {The position is equal.} O-O 9. O-O b6 10. Nd3 Nbd7 11. Bxd6 Qxd6 12. f4 c5 13. Ne5 Bb7 14. a4 Qe7 15. g4 Nxe5 16. fxe5 ({White should try} 16. dxe5 $11 Ne4 17. Qe1) 16... Nd7 17. gxf5 (17. Qe1 $15) 17... Qg5+ $17 18. Kh2 Qxe3 19. fxe6 $2 {[#]} (19. Qd3 $17 Qxd4 20. fxe6 Rf2+ 21. Kh1 Rxf1+ 22. Bxf1 Qxd3 23. cxd3 Nxe5 24. Bg2) 19... Nxe5 $1 $19 {[%mdl 512]} 20. dxe5 $2 (20. Bd3 $19 cxd4 21. Qe2) 20... Rf2+ 21. Kh1 Qxh3+ {[%mdl 64] Double Attack. Accuracy: White = 24%, Black = 66%.} 0-1

[Event "Olaine Open Rapid 2018"]
[Site "Olaine"]
[Date "2018.11.25"]
[Round "1.3"]
[White "Osobskaja, Zinaida"]
[Black "Mustaps, Matiss"]
[Result "0-1"]
[WhiteElo "1696"]
[BlackElo "2354"]
[PlyCount "66"]
[EventDate "2018.11.24"]
[EventType "swiss"]
[EventCountry "LAT"]
[TimeControl "600+5"]
[WhiteClock "0:05:42"]
[BlackClock "0:05:48"]

1. e4 {[%emt 0:00:00]} c5 {[%emt 0:00:00]} 2. Nf3 {[%emt 0:00:02]} d6 {[%emt 0:00:00]} 3. d4 {[%emt 0:00:02]} cxd4 {[%emt 0:00:00]} 4. Nxd4 {[%emt 0:00:02]} Nf6 {[%emt 0:00:00]} 5. Bd3 {[%emt 0:00:02]} g6 {[%emt 0:00:05]} 6. c4 {[%emt 0:00:02]} Bg7 {[%emt 0:00:03]} 7. Nc3 {[%emt 0:00:02]} Nc6 {[%emt 0:00:01]} 8. Nde2 {[%emt 0:00:03]} Ne5 {[%emt 0:00:04]} 9. h3 {[%emt 0:00:05]} O-O {[%emt 0:00:03]} 10. Be3 {[%emt 0:00:03]} Nxd3+ {[%emt 0:00:03]} 11. Qxd3 {[%emt 0:00:02]} Nd7 {[%emt 0:00:07]} 12. b3 {[%emt 0:00:17]} Nc5 {[%emt 0:00:05]} 13. Qc2 {[%emt 0:00:04]} f5 {[%emt 0:00:15]} 14. Bxc5 {[%emt 0:00:35]} dxc5 {[%emt 0:00:01]} 15. Rd1 {[%emt 0:00:04]} Qa5 {[%emt 0:00:31]} 16. O-O {[%emt 0:00:04]} e6 {[%emt 0:00:22]} 17. exf5 {[%emt 0:00:10]} gxf5 {[%emt 0:00:41]} 18. f4 {[%emt 0:00:34]} a6 {[%emt 0:00:12]} 19. Rd6 {[%emt 0:00:20]} Qc7 {[%emt 0:00:08]} 20. Rfd1 {[%emt 0:00:05]} Bd4+ {[%emt 0:00:34]} 21. R6xd4 {[%emt 0:00:13]} cxd4 {[%emt 0:00:02]} 22. Nxd4 {[%emt 0:00:01]} Qxf4 {[%emt 0:00:05]} 23. Qe2 {[%emt 0:00:43]} Qh6 {[%emt 0:00:13]} 24. Nf3 {[%emt 0:00:24]} b6 {[%emt 0:00:40]} 25. Rd6 {[%emt 0:00:27]} Ra7 {[%emt 0:00:01]} 26. Nd1 {[%emt 0:00:34]} Rg7 {[%emt 0:00:05]} 27. Kh1 {[%emt 0:00:13]} Bb7 {[%emt 0:00:14]} 28. Rxb6 {[%emt 0:00:06]} Kh8 {[%emt 0:02:10]} 29. Rxe6 {[%emt 0:00:35]} Bxf3 {[%emt 0:00:05]} 30. Rxh6 {[%emt 0:00:03]} Bxe2 {[%emt 0:00:02]} 31. Ne3 {[%emt 0:00:40]} f4 {[%emt 0:00:04]} 32. Ng4 {[%emt 0:00:15]} Bxg4 {[%emt 0:00:02]} 33. hxg4 {[%emt 0:00:01]} Rxg4 {[%emt 0:00:02]} 0-1

[Event "Olaine Open Rapid 2018"]
[Site "Olaine"]
[Date "2018.11.25"]
[Round "1.4"]
[White "Berzinsh, Roland"]
[Black "Stavickis, Isaks"]
[Result "1-0"]
[WhiteElo "2409"]
[BlackElo "1807"]
[PlyCount "39"]
[EventDate "2018.11.24"]
[EventType "swiss"]
[EventCountry "LAT"]
[TimeControl "600+5"]
[WhiteClock "0:00:11"]
[BlackClock "0:04:14"]

1. e4 {[%emt 0:00:03]} e5 {[%emt 0:00:00]} 2. Nf3 {[%emt 0:00:02]} Nc6 {[%emt 0:00:04]} 3. Bb5 {[%emt 0:00:02]} Nf6 {[%emt 0:00:16]} 4. Nc3 {[%emt 0:00:16]} a6 {[%emt 0:00:48]} 5. Bxc6 {[%emt 0:00:23]} dxc6 {[%emt 0:00:11]} 6. Nxe5 {[%emt 0:00:03]} Qe7 {[%emt 0:00:14]} 7. d4 {[%emt 0:01:00]} Be6 {[%emt 0:01:42]} 8. O-O {[%emt 0:00:16]} O-O-O {[%emt 0:00:07]} 9. Re1 {[%emt 0:00:28]} Qb4 {[%emt 0:01:32]} 10. Nf3 {[%emt 0:01:08]} h6 {[%emt 0:01:39]} 11. a3 {[%emt 0:00:17]} Qa5 {[%emt 0:00:21]} 12. Be3 {[%emt 0:00:56]} Qh5 {[%emt 0:00:17]} 13. Ne5 {[%emt 0:00:11]} g5 {[%emt 0:00:58]} 14. Qxh5 {[%emt 0:00:05]} Nxh5 {[%emt 0:00:02]} 15. Rad1 {[%emt 0:00:42]} Bd6 {[%emt 0:01:29]} 16. Nd3 {[%emt 0:00:25]} f5 {[%emt 0:01:05]} 17. f3 {[%emt 0:00:24]} fxe4 {[%emt 0:00:11]} 18. Nxe4 {[%emt 0:00:22]} Rdf8 {[%emt 0:00:27]} 19. Nxd6+ {[%emt 0:00:20]} cxd6 {[%emt 0:00:01]} 20. Bxg5 {[%emt 0:00:03]} 1-0

[Event "Olaine Open Rapid 2018"]
[Site "Olaine"]
[Date "2018.11.25"]
[Round "1.5"]
[White "Nemkovs, Vjaceslavs"]
[Black "Ramma, Kaspars"]
[Result "0-1"]
[WhiteElo "1769"]
[BlackElo "2107"]
[PlyCount "22"]
[EventDate "2018.11.24"]
[EventType "swiss"]
[EventCountry "LAT"]
[TimeControl "600+5"]
[WhiteClock "0:08:56"]
[BlackClock "0:06:15"]

1. d4 {[%emt 0:00:00]} d5 {[%emt 0:00:03]} 2. c4 {[%emt 0:00:00]} c6 {[%emt 0:00:01]} 3. Nf3 {[%emt 0:00:06]} Nf6 {[%emt 0:00:03]} 4. Nc3 {[%emt 0:00:15]} a6 {[%emt 0:00:02]} 5. e3 {[%emt 0:00:12]} b5 {[%emt 0:00:11]} 6. cxd5 {[%emt 0:00:17]} cxd5 {[%emt 0:00:01]} 7. Be2 {[%emt 0:00:27]} Bf5 {[%emt 0:00:09]} 8. O-O {[%emt 0:00:04]} e6 {[%emt 0:00:04]} 9. Nh4 {[%emt 0:00:39]} Bg6 {[%emt 0:00:08]} 10. Bd3 {[%emt 0:02:18]} Bd6 {[%emt 0:01:10]} 11. Bd2 {[%emt 0:00:22]} Bxd3 {[%emt 0:00:07]} 0-1

[Event "Olaine Open Rapid 2018"]
[Site "Olaine"]
[Date "2018.11.25"]
[Round "1.6"]
[White "Lavendelis, Egons"]
[Black "Dombrovska, Stefanija"]
[Result "1-0"]
[WhiteElo "2290"]
[BlackElo "1653"]
[PlyCount "53"]
[EventDate "2018.11.24"]
[EventType "swiss"]
[EventCountry "LAT"]
[TimeControl "600+5"]
[WhiteClock "0:05:35"]
[BlackClock "0:06:11"]

1. e4 {[%emt 0:00:00]} e5 {[%emt 0:00:00]} 2. Nf3 {[%emt 0:00:00]} Nc6 {[%emt 0:00:00]} 3. d4 {[%emt 0:00:00]} exd4 {[%emt 0:00:01]} 4. Bc4 {[%emt 0:00:01]} Bc5 {[%emt 0:00:26]} 5. c3 {[%emt 0:00:09]} d6 {[%emt 0:00:12]} 6. cxd4 {[%emt 0:00:03]} Bb4+ {[%emt 0:00:01]} 7. Nc3 {[%emt 0:00:08]} Nf6 {[%emt 0:00:04]} 8. Qd3 {[%emt 0:00:56]} O-O {[%emt 0:00:05]} 9. O-O {[%emt 0:00:02]} Bg4 {[%emt 0:00:21]} 10. Bg5 {[%emt 0:00:49]} Bxf3 {[%emt 0:00:06]} 11. gxf3 {[%emt 0:00:02]} h6 {[%emt 0:00:07]} 12. Bh4 {[%emt 0:00:17]} g5 {[%emt 0:00:04]} 13. Bg3 {[%emt 0:00:02]} Bxc3 {[%emt 0:00:13]} 14. bxc3 {[%emt 0:00:22]} Nh5 {[%emt 0:00:02]} 15. Bb3 {[%emt 0:00:27]} Nf4 {[%emt 0:00:31]} 16. Bxf4 {[%emt 0:00:02]} gxf4 {[%emt 0:00:01]} 17. Kh1 {[%emt 0:00:05]} Kh8 {[%emt 0:00:14]} 18. Bc2 {[%emt 0:00:04]} f6 {[%emt 0:00:41]} 19. Qd2 {[%emt 0:00:12]} Ne7 {[%emt 0:01:01]} 20. Qxf4 {[%emt 0:00:03]} Ng8 {[%emt 0:00:11]} 21. Rg1 {[%emt 0:00:54]} Rf7 {[%emt 0:00:37]} 22. Bb3 {[%emt 0:00:49]} Rg7 {[%emt 0:00:13]} 23. Rxg7 {[%emt 0:00:03]} Kxg7 {[%emt 0:00:02]} 24. Rg1+ {[%emt 0:00:02]} Kh7 {[%emt 0:00:28]} 25. Qf5+ {[%emt 0:00:06]} Kh8 {[%emt 0:00:09]} 26. Qg6 {[%emt 0:00:16]} Qe7 {[%emt 0:00:45]} 27. Bxg8 {[%emt 0:00:10]} 1-0

[Event "Olaine Open Rapid 2018"]
[Site "Olaine"]
[Date "2018.11.25"]
[Round "2.1"]
[White "Neiksans, Arturs"]
[Black "Lagerborg, Krister"]
[Result "1-0"]
[WhiteElo "2553"]
[BlackElo "2052"]
[Annotator "TA"]
[PlyCount "57"]
[EventDate "2018.11.24"]
[EventType "swiss"]
[EventCountry "LAT"]

{[%evp 10,57,41,35,50,45,39,40,41,22,43,35,96,81,75,45,47,23,45,28,101,95,101,66,170,178,511,487,490,432,407,421,537,537,522,347,526,528,511,513,500,504,694,669,1104,1059,1063,1025,978,983]} 1. e4 c5 2. Nf3 d6 3. Bb5+ Nd7 4. O-O a6 5. Bd3 (5. Bxd7+ Bxd7 6. d4 cxd4 7. Qxd4 Qc7 8. Nc3 e6 9. Bf4 Bc6 10. Rad1 Rd8 11. Nd5 exd5 12. exd5 Bb5 13. Rfe1+ Ne7 14. Ng5 h6 15. Ne4 {1-0 (77) Naiditsch,A (2721)-Wojtaszek,R (2727) Douglas 2018}) 5... b5 6. c4 {LiveBook: 8 Games. B51: Sicilian: Moscow Variation (3 Bb5+) without 3...Bd7} Rb8 7. cxb5 $146 ({Predecessor:} 7. Re1 Ngf6 8. Bf1 e5 9. b4 cxb4 10. cxb5 axb5 11. d4 Be7 12. Bb2 Qc7 {1-0 (43) Demianjuk,A (2289)-Yandarbiev,R (2330) Taganrog 2017}) 7... axb5 8. a3 {White is slightly better.} Ngf6 9. b4 c4 10. Bc2 Nb6 (10... g6 $14) 11. Nc3 Bd7 12. d3 g6 13. dxc4 Nxc4 14. Bd3 Qc8 (14... Bg7 $11 {keeps the balance.}) 15. Qe2 Bg7 16. Ra2 {[%cal Ba1a2,Ba2c2,Bc2c7,Bc7a7][%mdl 32]} h6 (16... O-O $14) 17. a4 $18 Be6 $2 {[#]} (17... Bg4 18. Nxb5 Bxf3 19. Qxf3 (19. gxf3 Ne5 $16) 19... Ne5) 18. Nxb5 Ne5 19. Rc2 Nxf3+ 20. Qxf3 Qb7 21. Rc7 Qa6 22. Ra7 Qc6 (22... Qc8 $142 23. Bf4 Bg4) 23. Nc7+ {White is clearly winning.} Kf8 24. Nxe6+ fxe6 25. Bd2 Kf7 26. Rc1 Qb6 27. Rcc7 Rhe8 28. a5 Qd4 29. Bc3 {Accuracy: White = 57%, Black = 29%.} 1-0

[Event "Olaine Open Rapid 2018"]
[Site "Olaine"]
[Date "2018.11.25"]
[Round "2.2"]
[White "Jazdanovs, Aleksandrs"]
[Black "Miezis, Normunds"]
[Result "0-1"]
[WhiteElo "2098"]
[BlackElo "2477"]
[Annotator "RC"]
[PlyCount "62"]
[EventDate "2018.11.24"]
[EventType "swiss"]
[EventCountry "LAT"]
[TimeControl "600+5"]
[WhiteClock "0:06:14"]
[BlackClock "0:00:07"]

1. e4 {[%emt 0:00:00]} c5 {[%emt 0:00:00]} 2. Nf3 {[%emt 0:00:05]} e6 {[%emt 0:00:01]} 3. d4 {[%emt 0:00:05]} cxd4 {[%emt 0:00:03]} 4. Nxd4 {[%emt 0:00:02]} a6 {[%emt 0:00:03]} 5. Nc3 {[%emt 0:00:07]} Qc7 {[%emt 0:00:05]} 6. g3 {[%emt 0:00:14]} Bb4 {[%emt 0:00:05]} 7. Bd2 {[%emt 0:00:42]} Nf6 {[%emt 0:00:08]} 8. Bg2 {[%emt 0:00:02]} Nc6 {[%emt 0:00:08]} 9. Nxc6 {[%emt 0:00:10]} dxc6 {[%emt 0:00:09]} 10. O-O {[%emt 0:00:32]} Be7 {[%emt 0:00:04]} 11. f4 {[%emt 0:01:17]} e5 {[%emt 0:00:05]} 12. f5 {[%emt 0:00:10]} b5 {[%emt 0:00:06]} 13. Be3 {[%emt 0:00:24]} Bb7 {[%emt 0:00:07]} 14. Qe2 {[%emt 0:00:51]} b4 {[%emt 0:00:09]} 15. Nd1 {[%emt 0:00:09]} c5 {[%emt 0:00:35]} 16. Nf2 {[%emt 0:00:05]} c4 {[%emt 0:00:04]} 17. c3 {[%emt 0:00:21]} a5 {[%emt 0:00:08]} 18. g4 {[%emt 0:00:37]} h6 {[%emt 0:00:05]} 19. Rfc1 {[%emt 0:01:52]} Ba6 {[%emt 0:00:08]} 20. h4 {[%emt 0:00:43]} Bc5 {[%emt 0:00:29]} 21. Bf3 {[%emt 0:00:07]} Qb6 {[%emt 0:01:14]} 22. Re1 {[%emt 0:00:08]} O-O-O {[%emt 0:00:15]} 23. a3 {[%emt 0:00:31]} bxc3 {[%emt 0:00:11]} 24. bxc3 {[%emt 0:00:07]} Bxe3 {[%emt 0:00:04]} 25. Qxe3 {[%emt 0:00:01]} Qxe3 {[%emt 0:00:05]} 26. Rxe3 {[%emt 0:00:02]} Nd7 {[%emt 0:00:09]} 27. Be2 {[%emt 0:01:04]} Nc5 {[%emt 0:00:14]} 28. Rd1 {[%emt 0:00:04]} Rxd1+ {[%emt 0:00:41]} 29. Nxd1 {[%emt 0:00:01]} Rd8 {[%emt 0:00:18]} 30. Nb2 {[%emt 0:01:41]} Rd2 {[%emt 0:00:11]} 31. Nxc4 {[%emt 0:00:14]} Rxe2 {[%emt 0:00:17]} 0-1

[Event "Olaine Open Rapid 2018"]
[Site "Olaine"]
[Date "2018.11.25"]
[Round "2.3"]
[White "Mustaps, Matiss"]
[Black "Ivanov, Igor"]
[Result "1-0"]
[WhiteElo "2354"]
[BlackElo "2142"]
[PlyCount "89"]
[EventDate "2018.11.24"]
[EventType "swiss"]
[EventCountry "LAT"]
[TimeControl "600+5"]
[WhiteClock "0:00:08"]
[BlackClock "0:04:37"]

1. e4 {[%emt 0:00:00]} g6 {[%emt 0:00:00]} 2. d4 {[%emt 0:00:00]} Bg7 {[%emt 0:00:00]} 3. Nc3 {[%emt 0:00:00]} d6 {[%emt 0:00:00]} 4. Be3 {[%emt 0:00:01]} a6 {[%emt 0:00:04]} 5. a4 {[%emt 0:00:04]} b6 {[%emt 0:00:06]} 6. f3 {[%emt 0:00:05]} Bb7 {[%emt 0:00:03]} 7. Qd2 {[%emt 0:00:01]} Nd7 {[%emt 0:00:10]} 8. g4 {[%emt 0:00:05]} h6 {[%emt 0:00:05]} 9. Nge2 {[%emt 0:00:02]} c5 {[%emt 0:00:59]} 10. Bg2 {[%emt 0:00:54]} Qc7 {[%emt 0:00:27]} 11. O-O {[%emt 0:00:12]} Ngf6 {[%emt 0:01:14]} 12. h3 {[%emt 0:00:05]} O-O-O {[%emt 0:00:25]} 13. Qe1 {[%emt 0:00:56]} e5 {[%emt 0:00:54]} 14. d5 {[%emt 0:00:30]} Nh7 {[%emt 0:00:57]} 15. Qd2 {[%emt 0:00:26]} Rdg8 {[%emt 0:01:07]} 16. b4 {[%emt 0:00:14]} c4 {[%emt 0:02:06]} 17. Ng3 {[%emt 0:00:48]} f6 {[%emt 0:00:34]} 18. Rf2 {[%emt 0:00:26]} Nhf8 {[%emt 0:00:34]} 19. Bf1 {[%emt 0:00:20]} Kb8 {[%emt 0:00:39]} 20. Qe2 {[%emt 0:00:38]} Nh7 {[%emt 0:00:02]} 21. Rh2 {[%emt 0:00:48]} Rc8 {[%emt 0:00:16]} 22. h4 {[%emt 0:00:28]} Rhf8 {[%emt 0:00:26]} 23. h5 {[%emt 0:00:05]} g5 {[%emt 0:00:08]} 24. Nf5 {[%emt 0:00:01]} Rf7 {[%emt 0:00:05]} 25. Qf2 {[%emt 0:00:10]} Rh8 {[%emt 0:00:29]} 26. Kg2 {[%emt 0:00:13]} Ka8 {[%emt 0:00:08]} 27. Be2 {[%emt 0:00:02]} Rb8 {[%emt 0:00:09]} 28. Rhh1 {[%emt 0:00:01]} Bf8 {[%emt 0:00:03]} 29. Rhb1 {[%emt 0:00:02]} Bg7 {[%emt 0:00:05]} 30. Bd2 {[%emt 0:00:07]} Bf8 {[%emt 0:00:03]} 31. Qe3 {[%emt 0:00:02]} Bc8 {[%emt 0:00:08]} 32. Bf1 {[%emt 0:00:01]} Bg7 {[%emt 0:00:02]} 33. Be1 {[%emt 0:00:01]} Bf8 {[%emt 0:00:04]} 34. Qe2 {[%emt 0:00:02]} Bb7 {[%emt 0:00:05]} 35. Bf2 {[%emt 0:00:06]} Bg7 {[%emt 0:00:09]} 36. Ra3 {[%emt 0:00:22]} Bf8 {[%emt 0:00:01]} 37. Na2 {[%emt 0:00:26]} Rc8 {[%emt 0:00:02]} 38. Rc3 {[%emt 0:00:02]} Bg7 {[%emt 0:00:09]} 39. Ne3 {[%emt 0:00:03]} b5 {[%emt 0:00:03]} 40. axb5 {[%emt 0:00:01]} axb5 {[%emt 0:00:00]} 41. Ra3+ {[%emt 0:00:01]} Kb8 {[%emt 0:00:01]} 42. Nc3 {[%emt 0:00:01]} Ndf8 {[%emt 0:00:19]} 43. Nf5 {[%emt 0:00:06]} Ba8 {[%emt 0:00:07]} 44. Rba1 {[%emt 0:00:02]} Qb7 {[%emt 0:00:04]} 45. Nxd6 {[%emt 0:00:08]} 1-0

[Event "Olaine Open Rapid 2018"]
[Site "Olaine"]
[Date "2018.11.25"]
[Round "2.4"]
[White "Krums, Ilmars"]
[Black "Berzinsh, Roland"]
[Result "0-1"]
[WhiteElo "1924"]
[BlackElo "2409"]
[PlyCount "74"]
[EventDate "2018.11.24"]
[EventType "swiss"]
[EventCountry "LAT"]
[TimeControl "600+5"]
[WhiteClock "0:04:43"]
[BlackClock "0:01:15"]

1. e4 {[%emt 0:00:00]} e5 {[%emt 0:00:01]} 2. Nc3 {[%emt 0:00:11]} Nf6 {[%emt 0:00:02]} 3. Nf3 {[%emt 0:00:08]} d6 {[%emt 0:00:02]} 4. Bc4 {[%emt 0:00:06]} Be7 {[%emt 0:00:07]} 5. d3 {[%emt 0:00:03]} O-O {[%emt 0:00:07]} 6. h3 {[%emt 0:00:02]} c6 {[%emt 0:00:03]} 7. Bb3 {[%emt 0:00:05]} Nbd7 {[%emt 0:00:20]} 8. Be3 {[%emt 0:00:13]} b5 {[%emt 0:00:12]} 9. a3 {[%emt 0:00:04]} a6 {[%emt 0:00:25]} 10. Qd2 {[%emt 0:00:05]} Qc7 {[%emt 0:00:26]} 11. O-O {[%emt 0:00:13]} Bb7 {[%emt 0:00:11]} 12. Ne2 {[%emt 0:01:31]} d5 {[%emt 0:00:27]} 13. Ng3 {[%emt 0:00:27]} Rfe8 {[%emt 0:00:12]} 14. c3 {[%emt 0:00:42]} c5 {[%emt 0:00:07]} 15. Bc2 {[%emt 0:00:29]} Bf8 {[%emt 0:00:39]} 16. Qe2 {[%emt 0:00:23]} Rac8 {[%emt 0:00:28]} 17. Rac1 {[%emt 0:00:16]} c4 {[%emt 0:00:11]} 18. Bg5 {[%emt 0:00:58]} h6 {[%emt 0:00:16]} 19. Bd2 {[%emt 0:00:39]} cxd3 {[%emt 0:00:10]} 20. Bxd3 {[%emt 0:00:02]} Nc5 {[%emt 0:00:10]} 21. Bc2 {[%emt 0:00:36]} dxe4 {[%emt 0:00:05]} 22. Nh4 {[%emt 0:00:04]} Bd5 {[%emt 0:00:56]} 23. Be3 {[%emt 0:00:20]} Bc4 {[%emt 0:00:06]} 24. Qe1 {[%emt 0:00:29]} Nd3 {[%emt 0:00:22]} 25. Bxd3 {[%emt 0:00:49]} Bxd3 {[%emt 0:00:01]} 26. Nhf5 {[%emt 0:00:22]} Kh7 {[%emt 0:00:24]} 27. Qd1 {[%emt 0:01:03]} g6 {[%emt 0:00:11]} 28. Nh4 {[%emt 0:00:18]} Nd5 {[%emt 0:00:15]} 29. Re1 {[%emt 0:00:07]} Qe7 {[%emt 0:00:34]} 30. Qg4 {[%emt 0:00:21]} Qe6 {[%emt 0:00:35]} 31. Qxe6 {[%emt 0:00:20]} Rxe6 {[%emt 0:00:01]} 32. f3 {[%emt 0:00:12]} Nxe3 {[%emt 0:00:04]} 33. Rxe3 {[%emt 0:00:03]} Bc5 {[%emt 0:00:01]} 34. Kf2 {[%emt 0:00:02]} f5 {[%emt 0:00:01]} 35. Ngxf5 {[%emt 0:00:03]} gxf5 {[%emt 0:00:02]} 36. Nxf5 {[%emt 0:00:01]} exf3 {[%emt 0:00:06]} 37. Kxf3 {[%emt 0:00:03]} Bxf5 {[%emt 0:00:02]} 0-1

[Event "Olaine Open Rapid 2018"]
[Site "Olaine"]
[Date "2018.11.25"]
[Round "2.5"]
[White "Ramma, Kaspars"]
[Black "Brikers, Aleksandrs"]
[Result "1-0"]
[WhiteElo "2107"]
[BlackElo "2046"]
[PlyCount "61"]
[EventDate "2018.11.24"]
[EventType "swiss"]
[EventCountry "LAT"]
[TimeControl "600+5"]
[WhiteClock "0:01:29"]
[BlackClock "0:02:09"]

1. d4 {[%emt 0:00:00]} Nf6 {[%emt 0:00:00]} 2. Bf4 {[%emt 0:00:02]} d5 {[%emt 0:00:00]} 3. e3 {[%emt 0:00:02]} c5 {[%emt 0:00:00]} 4. c3 {[%emt 0:00:02]} Nc6 {[%emt 0:00:03]} 5. Nd2 {[%emt 0:00:09]} Bf5 {[%emt 0:00:08]} 6. Qb3 {[%emt 0:00:19]} Qb6 {[%emt 0:00:59]} 7. dxc5 {[%emt 0:00:29]} Qxb3 {[%emt 0:00:05]} 8. axb3 {[%emt 0:00:10]} e5 {[%emt 0:00:09]} 9. Bg3 {[%emt 0:00:02]} Bxc5 {[%emt 0:00:05]} 10. b4 {[%emt 0:00:14]} Bd6 {[%emt 0:00:22]} 11. Ngf3 {[%emt 0:00:39]} Nh5 {[%emt 0:00:40]} 12. Nh4 {[%emt 0:02:36]} Bg6 {[%emt 0:00:44]} 13. Be2 {[%emt 0:00:26]} Nxg3 {[%emt 0:00:44]} 14. hxg3 {[%emt 0:00:01]} O-O {[%emt 0:00:37]} 15. Nxg6 {[%emt 0:00:21]} hxg6 {[%emt 0:00:01]} 16. e4 {[%emt 0:00:10]} d4 {[%emt 0:00:53]} 17. Nc4 {[%emt 0:00:38]} Bc7 {[%emt 0:00:01]} 18. b5 {[%emt 0:00:33]} Ne7 {[%emt 0:00:16]} 19. O-O {[%emt 0:00:25]} f5 {[%emt 0:00:35]} 20. Bf3 {[%emt 0:00:18]} f4 {[%emt 0:01:32]} 21. gxf4 {[%emt 0:00:05]} dxc3 {[%emt 0:00:01]} 22. bxc3 {[%emt 0:00:39]} exf4 {[%emt 0:00:22]} 23. e5 {[%emt 0:00:23]} Rf5 {[%emt 0:01:42]} 24. Bxb7 {[%emt 0:00:17]} Rb8 {[%emt 0:00:02]} 25. Rxa7 {[%emt 0:00:21]} Bxe5 {[%emt 0:00:23]} 26. Be4 {[%emt 0:00:13]} Nc8 {[%emt 0:00:07]} 27. Bxf5 {[%emt 0:00:14]} Nxa7 {[%emt 0:00:05]} 28. Be6+ {[%emt 0:00:02]} Kh7 {[%emt 0:00:12]} 29. Nxe5 {[%emt 0:00:05]} Re8 {[%emt 0:00:07]} 30. Nf3 {[%emt 0:00:26]} Nxb5 {[%emt 0:00:06]} 31. Bd7 {[%emt 0:00:05]} 1-0

[Event "Olaine Open Rapid 2018"]
[Site "Olaine"]
[Date "2018.11.25"]
[Round "2.6"]
[White "Sinauridze, Simons"]
[Black "Lavendelis, Egons"]
[Result "0-1"]
[WhiteElo "2053"]
[BlackElo "2290"]
[PlyCount "65"]
[EventDate "2018.11.24"]
[EventType "swiss"]
[EventCountry "LAT"]
[TimeControl "600+5"]
[WhiteClock "0:00:35"]
[BlackClock "0:00:06"]

1. e4 {[%emt 0:00:00]} c5 {[%emt 0:00:00]} 2. Nf3 {[%emt 0:00:00]} Nc6 {[%emt 0:00:00]} 3. Bb5 {[%emt 0:00:05]} g6 {[%emt 0:00:00]} 4. O-O {[%emt 0:00:03]} Bg7 {[%emt 0:00:01]} 5. Bxc6 {[%emt 0:00:02]} dxc6 {[%emt 0:00:02]} 6. Nc3 {[%emt 0:00:16]} e5 {[%emt 0:00:08]} 7. d3 {[%emt 0:00:02]} Ne7 {[%emt 0:00:01]} 8. Be3 {[%emt 0:00:06]} b6 {[%emt 0:00:02]} 9. Nd2 {[%emt 0:00:24]} O-O {[%emt 0:01:45]} 10. f4 {[%emt 0:00:10]} exf4 {[%emt 0:00:06]} 11. Bxf4 {[%emt 0:00:07]} f6 {[%emt 0:00:42]} 12. Qf3 {[%emt 0:00:54]} Be6 {[%emt 0:00:10]} 13. Rae1 {[%emt 0:00:19]} Qd7 {[%emt 0:00:31]} 14. h3 {[%emt 0:00:39]} g5 {[%emt 0:00:04]} 15. Be3 {[%emt 0:00:19]} Ng6 {[%emt 0:00:03]} 16. Qg3 {[%emt 0:01:00]} Rf7 {[%emt 0:00:32]} 17. Nf3 {[%emt 0:00:03]} h6 {[%emt 0:00:06]} 18. d4 {[%emt 0:00:28]} f5 {[%emt 0:04:34]} 19. exf5 {[%emt 0:00:26]} Bxf5 {[%emt 0:00:03]} 20. dxc5 {[%emt 0:00:10]} bxc5 {[%emt 0:00:15]} 21. Bxc5 {[%emt 0:00:56]} Bxc2 {[%emt 0:00:04]} 22. Rf2 {[%emt 0:01:04]} Bf5 {[%emt 0:00:16]} 23. Rd2 {[%emt 0:00:09]} Qb7 {[%emt 0:00:02]} 24. Red1 {[%emt 0:00:38]} Nf4 {[%emt 0:00:13]} 25. Rd8+ {[%emt 0:00:38]} Rxd8 {[%emt 0:00:05]} 26. Rxd8+ {[%emt 0:00:01]} Kh7 {[%emt 0:00:03]} 27. Nxg5+ {[%emt 0:01:04]} hxg5 {[%emt 0:00:09]} 28. Qxg5 {[%emt 0:00:01]} Qc7 {[%emt 0:01:00]} 29. Be3 {[%emt 0:00:28]} Bg6 {[%emt 0:00:29]} 30. Qh4+ {[%emt 0:01:45]} Nh5 {[%emt 0:00:01]} 31. Re8 {[%emt 0:00:05]} Qg3 {[%emt 0:00:33]} 32. Qc4 {[%emt 0:00:12]} Nf4 {[%emt 0:00:31]} 33. Rd8 {[%emt 0:00:04]} 0-1